00468nam a2200181 a 4500001001300000003000900013005001700022008004100039020002400080082001300104100001900117245003500136260004300171300000900214500003500223505001000258650001800268nice12345678IN_TiNIC20260116014008.0110127s2007 lona grp 000 0 eng  a9780007843978c230000a900bOVE aOvery, Richard aComplete Hisstory of the World aLondon bCollins Religious Pub. c2007 a416p aincludes index and biblioraphy2 aIndex aHistory-World